LEADER 01855nam1 22004213i 450 001 NAP0410466 005 20251003044250.0 100 $a20080616g2003 ||||0itac50 ba 101 | $afre 102 $afr 181 1$6z01$ai $bxxxe 182 1$6z01$an 200 1 $aEléments d'analyse$fJean Dieudonné 210 $a[Paris]$cJ. Gabay 215 $av.$d24 cm. 463 1$1001NAP0410469$12001 $aˆ6: ‰analyse harmonique$fJean Dieudonné$v6 463 1$1001NAP0410471$12001 $aˆ7: ‰Equations fonctionnelles linéaires. 1, opérateurs pseudo-différentiels$fJean Dieudonné$v7 463 1$1001NAP0410474$12001 $aˆ8: ‰équations fonctionnelles linéaires. 2, problèmes aux limites$v8 463 1$1001NAP0410475$12001 $aˆ9: ‰topologie algébrique, topologie différentielle élémentaire$fJean Dieudonné$v9 463 1$1001NAP0412108$12000 $a2$fJean Dieudonné$v2 463 1$1001NAP0412124$12000 $a3$fJean Dieudonné$v3 463 1$1001NAP0412128$12000 $a4$fJean Dieudonné$v4 463 1$1001NAP0412141$12001 $aˆ5: ‰Groupes de Lie compacts, groupes de Lie semi-simples$fJean Dieudonné$v5 463 1$1001NAP0412320$12001 $aˆ1: ‰Fondements de l'analyse moderne$fJean Dieudonné$v1 606 $aAnalisi matematica$2FIR$3CFIC002036$9E 676 $a515$9ANALISI MATEMATICA$v14 700 1$aDieudonné$b, Jean$3CFIV105165$4070$0440723 790 1$aDieudonné$b, J. A.$3AQ1V009083$zDieudonné, Jean 790 1$aDieudonne$b, Jean Alexandre$3MILV283059$zDieudonné, Jean 801 3$aIT$bIT-000000$c20080616 850 $aIT-BN0095 901 $bNAP 01$cRIPR. FACS$n$ 912 $aNAP0410466 950 1$aBiblioteca Centralizzata di Ateneo$bv. 1-9$cv. 1-9$d 01RIPR. FACSFr. B 0080 967 $m6 977 $a 01 996 $aEléments d'analyse$9103800 997 $aUNISANNIO